000 00339 a2200157 4500
001 59090
020 _a8508019254
040 _cAnchieta - Pituba
100 _aLadeira, Julieta de Godoy
240 1 0 _aRecife dos holandeses
_lpor
245 1 0 _aRecife dos holandeses
300 _a32
362 0 _a1987
650 4 _aBrasil
942 _cBK
999 _c59090
_d59090